| 000 -LEADER |
| fixed length control field |
00483cam a22001455i 4500 |
| 003 - CONTROL NUMBER IDENTIFIER |
| control field |
OSt |
| 005 - DATE AND TIME OF LATEST TRANSACTION |
| control field |
20200317115339.0 |
| 008 - FIXED-LENGTH DATA ELEMENTS--GENERAL INFORMATION |
| fixed length control field |
181019s2018 sw a 000 0 eng |
| 020 ## - INTERNATIONAL STANDARD BOOK NUMBER |
| International Standard Book Number |
9789187543395 (pbk.) |
| 040 ## - CATALOGING SOURCE |
| Original cataloging agency |
DLC |
| Language of cataloging |
eng |
| Transcribing agency |
DLC |
| Description conventions |
rda |
| 245 00 - TITLE STATEMENT |
| Title |
Our urban living room : |
| Remainder of title |
learning from Copenhagen / |
| Statement of responsibility, etc |
Cobe ; photographs by Rasmus Hjortshoej ; editor: Julie Cirelli. |
| 250 ## - EDITION STATEMENT |
| Edition statement |
2nd edition. |
| 300 ## - PHYSICAL DESCRIPTION |
| Extent |
493 pages : |
| Other physical details |
numerous illustrations (chiefly color) ; |
| Dimensions |
25 cm |
| 942 ## - ADDED ENTRY ELEMENTS (KOHA) |
| Source of classification or shelving scheme |
|